000 00353nam a2200145Ia 4500
008 130318s9999 xx 000 0 und d
020 _a9780321385550
082 _a006.7 ZEL/D
100 _aZeldman, Jeffrey
245 _aDesigning with standards
250 _a2
260 _bNew Riders
_aCalifornia
_c2007
300 _a410
650 _aWEB PAGE DESIGN
999 _c1450
_d1450